IBPS CLERK Preliminary Examination 2021: (Record no. 190980)

MARC details
000 -LEADER
fixed length control field 00593nam a22001697a 4500
005 - DATE AND TIME OF LATEST TRANSACTION
control field 20220816170359.0
010 ## - LCCN (DPL NO)
LC control number B-745319
020 ## - INTERNATIONAL STANDARD BOOK NUMBER
International Standard Book Number 9789353228101
Terms of availability 195.00
035 ## - SYSTEM CONTROL NUMBER
System control number B-745319
037 ## - SOURCE OF ACQUISITION
Source of stock number/acquisition Prabhat Exam
245 ## - TITLE STATEMENT
Title IBPS CLERK Preliminary Examination 2021:
Remainder of title 20 Practice Sets /
260 ## - PUBLICATION, DISTRIBUTION, ETC. (IMPRINT)
Place of publication, distribution, etc New Delhi
Name of publisher, distributor, etc Prabhat Exam
Date of publication, distribution, etc 2021
270 ## - ADDRESS
Address 4/19 Asaf Ali Road New Delhi
City New Delhi
Postal code 110002
Telephone number 7827007777
Electronic mail address prabhatbooks@gmail.com
300 ## - PHYSICAL DESCRIPTION
Extent 211p.
Dimensions 28cm(pbk)
942 ## - ADDED ENTRY ELEMENTS (KOHA)
Source of classification or shelving scheme Dewey Decimal Classification
Item type English Books
Call number suffix IBP
Classification part 000
Holdings
Withdrawn status Lost status Not for loan Collection code Home library Current library Date acquired Source of acquisition Cost, normal purchase price Full call number Barcode Copy number Cost, replacement price Koha item type Public note
      Non-fiction Ashok Vihar Ashok Vihar 16/08/2022 16.8.2022 /Gift 195.00 000 IBP B-745319 1 195.00 English Books Gift

© Delhi Public Library
Hit Counter
free hit counter